000 00246nam a2200097Ia 4500
001 711355
005 20250826162806.0
008 250824s9999 xx 000 0 und d
245 0 _aIŞIK AVCISI-TEKİN YILDIZI
_cALİ SAÇIKARA
260 _bATLIKARINCA
999 _c711355
_d711355